Handbuch der Naturschutzgebiete der Deutschen Demokratischen Republik. Band 4. Die Naturschutzgebiete der Bezirke Erfurt, Suhl und Gera.

Uložené v:
Podrobná bibliografia
Hlavný autor: Görner, Martin
Médium: Kniha
Jazyk:Slovak
Vydané: Leipzig, 1984.
Vydanie:2. überarbeitete Auflage
Fyzický popis: 344 strán + obrazová príloha + 1 príloha.
Tagy: Pridať tag
Žiadne tagy, Buďte prvý kto otaguje tento záznam!

MARC

LEADER 00000nam a22000002i 4500
001 000628708
005 20200128124833.0
008 200128s1984 xo e 000 0 slo d
020 |c Kčs 115,00  |q (viazané) 
040 |a SVKKK  |b slo  |c SVKKK  |e rda 
100 1 |a Görner, Martin 
245 1 0 |a Handbuch der Naturschutzgebiete der Deutschen Demokratischen Republik. Band 4. Die Naturschutzgebiete der Bezirke Erfurt, Suhl und Gera. 
250 |a 2. überarbeitete Auflage 
264 1 |a Leipzig,  |c 1984. 
300 |a 344 strán + obrazová príloha + 1 príloha. 
336 |a text  |b txt  |2 rdacontent 
337 |a bez média  |b n  |2 rdamedia 
338 |a zväzok  |b nc  |2 rdacarrier 
500 |a Záznam revízie 
910 |a svkkk 
998 |a BK 
090 |g SCKHL  |k Sklad Pribinova 2. posch.  |a III.126340  |j 711317  |i 2720682659  |s Absenčne